| 000 | 00635cam a2200265ua 4500 | ||
|---|---|---|---|
| 020 | _c6.00 | ||
| 041 |
_aeng _h |
||
| 082 |
_a539 _bTHA/IN |
||
| 100 | _aThangaraj, M.A . | ||
| 245 |
_aIntroduction to modern physics / _cM.A Thangaraj. _hTextual Documents |
||
| 250 |
_a2 / _b. |
||
| 260 |
_aMadras : _bCentral Art press , _c1963. |
||
| 300 | _a302 ; . | ||
| 365 | _a6.00 | ||
| 504 | _a | ||
| 700 | 1 | _aAnanthakrishnan, N . | |
| 942 | _cBK | ||
| 999 |
_c7629 _d7629 |
||